Carte des colonies françaises - Statistiques

Statistiques générales
  • Ce quiz a été pris 9 852 fois
    4 691 depuis la dernière actualisation
  • Le résultat moyen est 14 sur 21
Réponses sur la Carte
Les réponses sont colorées sur une échelle allant du rouge au vert en fonction du pourcentage des utilisateurs qui les ont devinées à leur premier essai. Vous pouvez retrouver ces pourcentages ci-dessous.
 
Statistiques - réponses
Réponses % Correct
Algérie
99%
Maroc
97%
Madagascar
95%
Tunisie
95%
Guyane française
89%
Syrie/Liban
86%
Indochine française
82%
Cameroun
71%
Antilles françaises
63%
Comores
62%
Établissements français de l'Océanie
62%
La Réunion
61%
Togo
59%
Nouvelle Calédonie
57%
Côte française des Somalis
53%
Saint-Pierre-et-Miquelon
48%
Condominium des Nouvelles-Hébrides
44%
Afrique Occidentale Française
43%
Wallis-et-Futuna
38%
Établissements français dans l'Inde
36%
Afrique Équatoriale Française
34%
Aucun quiz correspondant
Distribution des résultats
% des personnes avec chaque résultat
Percentile par nombre de réponses
Votre historique - résultats
Vous n’avez pas pris ce quiz depuis la dernière actualisation